000 00733nam a22002537a 4500
003 UA-OsUOA
001 43189
007 ta
008 20061211b un ||||| |||| 00| 0 ukr d
100 _aГалус О. М.
700 _aШапошнікова Л. М.
090 _a37.013.74(075.8)
_bГ16
942 _cBK
040 _aUA-OsUOA
_bukr
_cUA-OsUOA
_dUA-OsUOA
245 _aПорівняльна педагогіка
_bНавчальний посібник
300 _a215 с.
955 _a2
041 _aukr
080 _a37.013.74(075.8)
020 _a966-642-171-2
260 _aК.
_bВища школа
_c2006
650 7 _a37.0 Основні види та принципи освіти
_2UDC
999 _c329377
_d329377